000 00673nam a2200289Ia 4500
005 20260324135833.0
008 008 260324s9999 xx 000 0 eng d
020 _a9781315079363
037 _aEBOOK
040 _aCRL
040 _beng
040 _cCRL
041 _2eng
041 _aeng
084 _qCRL
100 _aJohn Pick
_91202106
245 0 _aBuilding Jerusalem
245 0 _bArt, Industry and the British Millennium
260 _bTaylor and Francis
260 _c1999
365 _a
365 _b230
856 _uhttp://www.taylorfrancis.com/books/9781315079363
942 _cEBOOK
999 _c1803581
_d1803581